Le chale de Sabine /

محفوظ في:

المؤلف الرئيسي: Rutschowscaya, Marie-Helene.

التنسيق: كتاب

اللغة: French

منشور في: [Paris] : Fayard : Soleb, c2004.

سلاسل: Etudes d'egyptologie (College de France. Chaire de civilisation pharaonique) ; 4.

الموضوعات:

الوسوم: إضافة وسم

لا توجد وسوم, كن أول من يضع وسما على هذه التسجيلة!

رقم الطلب: DT57 .E75 v.4

LEADER 01087cam a22003014a 4500
001 ocm56573956
003 OSt
005 20241118084502.0
008 040908s2004 fr ab b 000 0 fre c
999 |c 55287  |d 55287 
020 |a 2213621454  |q (paperback) 
020 |a 9782213621456  |q (paperback) 
040 |c ARCE Library 
043 |a f-ua--- 
050 4 |a DT57 .E75 v.4 
100 1 |a Rutschowscaya, Marie-Helene. 
245 1 3 |a Le chale de Sabine /  |c Marie-Helene Rutschowscaya. 
246 1 |i Subtitle on cover:  |a Chef-d'oeuvre de l'art copte. 
264 1 |a [Paris] :  |b Fayard :  |b Soleb,  |c c2004. 
300 |a 127 pages :  |b illustrations (some color), map ;  |c 23 cm. 
490 1 |a Etudes d'egyptologie (College de France. Chaire de civilisation pharaonique) ;   |v 4. 
504 |a Includes bibliographical references (pages 121-127). 
650 0 |a Coptic textile fabrics  |x Themes, motives. 
650 0 |a Coptic embroidery. 
650 0 |a Coptic tapestry. 
830 0 |a Etudes d'egyptologie (College de France. Chaire de civilisation pharaonique) ;   |v 4. 
901 |a reviewed 
942 |2 lcc  |c BK